000 00731nam a22002057a 4500
005 2010072408548.0
010 _aENG-96557
020 _a9788189937447
_c795.00
035 _aEN-80090
037 _bDBAD/PUB
082 _a320.9
100 _aDhariwal, Umesh, K.
_91226
245 _aWestern political thought /
_cby Umesh K. Dhariwal
260 _aNew Delhi
_bArise Publishers and Distributors
_c2008
270 _a4648/1, 21, Ansari Road, Darya Ganj, New Delhi-110002
_bNew Delhi
300 _a304p.
_c22cm (Hb)
500 _aIncludes bibliography and index
942 _2ddc
_cEN
_mDHA
_h320.9
999 _c37543
_d37543